Statistics for official country names

Click here to take the quiz!

General Stats

  • This quiz has been taken 10 times
  • The average score is 8 of 16

Answer Stats

countryofficial name% Correct
MicronesiaFederated States of Micronesia
89%
ChinaPeople’s Republic of China
89%
NetherlandsKingdom of the Netherlands
78%
United kingdomUnited Kingdom of Great Britain and Northern Ireland
67%
United StatesUnited States of America
67%
PakistanIslamic Republic of Pakistan
56%
MonacoPrincipality of Monaco
56%
GreeceHellenic Republic
44%
MoroccoKingdom of Morocco
44%
LiechtensteinPrincipality of Liechtenstein
44%
UkraineUkraine
44%
ArgentinaArgentine Republic
33%
AustraliaCommonwealth of Australia
33%
JordanHashemite Kingdom of Jordan
33%
BrazilFederative Republic of Brazil
22%
Papua New GuineaIndependent State of Papua New Guinea
22%

Score Distribution

Percentile by Number Answered

Percent of People with Each Score

Your Score History

You have not taken this quiz